War memory and social politics in Japan, 1945-2005 (Record no. 1107454)

MARC details
000 -LEADER
fixed length control field 00886nam a2200277Ia 4500
003 - CONTROL NUMBER IDENTIFIER
control field OSt
005 - DATE AND TIME OF LATEST TRANSACTION
control field 20221006154821.0
008 - FIXED-LENGTH DATA ELEMENTS--GENERAL INFORMATION
fixed length control field 221006b |||||||| |||| 00| 0 eng d
020 ## - INTERNATIONAL STANDARD BOOK NUMBER
International Standard Book Number 9780674028302
037 ## - SOURCE OF ACQUISITION
Terms of availability Textual
040 ## - CATALOGING SOURCE
Original cataloging agency EASL
Transcribing agency EASL
Language of cataloging eng
041 ## - LANGUAGE CODE
Source of code eng
Language code of text/sound track or separate title eng
100 ## - MAIN ENTRY--PERSONAL NAME
Personal name Seraphim Franziska
9 (RLIN) 667633
245 #0 - TITLE STATEMENT
Title War memory and social politics in Japan, 1945-2005
260 ## - PUBLICATION, DISTRIBUTION, ETC.
Place of publication, distribution, etc. Cambridge
Name of publisher, distributor, etc. Harvard University Asia Center
Date of publication, distribution, etc. 2006
300 ## - PHYSICAL DESCRIPTION
Extent xv,409p
Dimensions cm.
490 ## - SERIES STATEMENT
Volume/sequential designation JEL
Series statement Harvard East Asian Monographs ; 278
650 ## - SUBJECT ADDED ENTRY--TOPICAL TERM
Topical term or geographic name entry element Japan- social condition twentyth century
9 (RLIN) 667634
650 ## - SUBJECT ADDED ENTRY--TOPICAL TERM
Topical term or geographic name entry element Japan- history
942 ## - ADDED ENTRY ELEMENTS (KOHA)
Classification part V42.PO5, P6
Koha item type Textual
Source of classification or shelving scheme Colon Classification (CC)
Holdings
Withdrawn status Lost status Source of classification or shelving scheme Damaged status Not for loan Home library Current library Date acquired Source of acquisition Serial Enumeration / chronology Total Checkouts Full call number Barcode Date last seen Price effective from Koha item type
    Colon Classification (CC)     Department of East Asian Studies Library Department of East Asian Studies Library 2022-10-06 Gift, Japan Foundation JEL   V42.PO5 P6 EA1395161 2022-10-06 2022-10-06 Textual
Copyright @ Delhi University Library System